000 00313nam a22001337a 4500
008 180201b xxu||||| |||| 00| 0 eng d
020 _a9780205824342
041 _aeng
080 _25th
_a37
100 _a47
101 _aEDU
245 _aMosaics reading and writing paragraphs
_cFlachmann,K
942 _2udc
_cBK
999 _c41527
_d41527